Počítačové videnie pre spracovanie medicínskych obrazových dát z onkologických vyšetrení

Salvato in:
Dettagli Bibliografici
Autore principale: Trnavská, Ľubomíra (Autore)
Altri autori: Benešová, Vanda (Relatore della tesi)
Natura: Manoscritto Libro
Lingua:slovacco
inglese
Pubblicazione: 2020
Soggetti:
Accesso online:http://is.stuba.sk/zp/portal_zp.pl?podrobnosti=151496
Tags: Aggiungi Tag
Nessun Tag, puoi essere il primo ad aggiungerne!!

MARC

LEADER 00000ntm a22000003a 4500
001 stuzp80761
003 SK-STU
005 20200613213226.4
007 ta
008 150427s2015----xo-----f-mn---000-0-slo-d
040 |a STU  |b slo 
041 0 |a eng 
100 1 |a Trnavská, Ľubomíra  |u 070400  |4 aut  |U FIIT Fakulta informatiky a informačných technológií  |T FIIT Ústav počítačového inžinierstva a aplikovanej informatiky  |X 79786  |U I400  |Y 672  |7 79786 
242 0 1 |a Počítačové videnie pre spracovanie medicínskych obrazových dát z onkologických vyšetrení  |y slo 
245 1 0 |a Počítačové videnie pre spracovanie medicínskych obrazových dát z onkologických vyšetrení 
260 |c 2020 
650 4 |a histopatologia  |2 slo 
650 4 |a neuronove siete  |2 slo 
650 4 |a segmentácia obrazu  |2 slo 
650 4 |a histopathology  |2 eng 
650 4 |a image segmentation  |2 eng 
650 4 |a neural networks  |2 eng 
700 1 |a Benešová, Vanda  |u 070400  |k Z1  |4 ths  |U FIIT Fakulta informatiky a informačných technológií  |T FIIT Ústav počítačového inžinierstva a aplikovanej informatiky  |X 63121  |U I400  |Y 672  |7 63121 
856 4 |u http://is.stuba.sk/zp/portal_zp.pl?podrobnosti=151496